Szczegóły MARC21

Słownik hydrogeologiczny angielsko-polski, polsko-angielski = Hydrogeological dictionary English-Polish, Polish-English /

005 -DATA I CZAS OSTATNIEJ MODYFIKACJI [,]
    • @
    • pole kontrolne
    • 20140217131742.0
020 -Międzynarod. znormalizowany nr książki - ISBN [ , ]
    • a
    • Numer ISBN
    • 9788373836495 Find
040 -Instytucja sporządzająca opis [ , ]
    • a
    • Instytucja, która sporządziła opis (NP)
    • SZCZ U/KLR
    • c
    • Instytucja, która sporządziła rekord (NP)
    • SZCZ U/KLR
    • d
    • Instytucja, która zmodyfikowała rekord (P)
    • SZCZ U/RJ
041 -Język dokumentu [0, ]
    • a
    • Język tekstu (P)
    • polski
    • b
    • Język streszczeń lub abstraktu (P)
    • angielski
044 -Kraj miejsca wydania [ , ]
    • a
    • Kraj miejsca wydania
    • Polska
942 -Rodzaj dokumentu [ , ]
    • c
    • Rodzaj dokumentu
    • Książka
100 -Hasło główne - nazwa osobowa [1, ]
    • 9
    • KHW
    • 635483
    • a
    • Nazwa osobowa (NP)
    • Rogoż, Marek.
245 -Strefa tytułu i oznaczenia odpowiedzialności [1,0]
    • a
    • Tytuł
    • Słownik hydrogeologiczny angielsko-polski, polsko-angielski = Find
    • b
    • Ciąg dalszy tytułu (NP)
    • Hydrogeological dictionary English-Polish, Polish-English / Find
    • c
    • Pozostałe elementy strefy tytułu i oznaczenia odpowiedzialności (NP)
    • Marek Rogoż.
246 -Wariant tytułu [3,1]
    • a
    • Tytuł (NP)
    • Hydrogeological dictionary English-Polish, Polish-English
260 -Strefa adresu wydawniczego [ , ]
    • a
    • Miejsce wydania (P)
    • Warszawa :
    • b
    • Nazwa wydawcy (P)
    • Wydawnictwo Naukowe Scholar,
    • c
    • Data wydania (P)
    • 2013.
300 -Strefa opisu fizycznego [ , ]
    • a
    • Określenie formy książki i/lub objętość (NP)
    • 374 s. ;
    • c
    • Format (NP)
    • 24 cm.
080 -Uniwersalna Klasyfikacja Dziesiętna [ , ]
    • 2
    • Identyfikator wydania tablic
    • UDC-P058
    • 9
    • UKD
    • 4319
    • a
    • Symbol klasyfikacji
    • 556.3
    • b
    • Dopowiedzenie
    • Hydrologia wód gruntowych (podziemnych). Geohydrologia. Hydrogeologia. Warstwy wodonośne. Źródła. Gospodarka wodami podziemnymi
    • 4
    • UKD2
    • 7663
    • x
    • Poddział wspólny
    • (038)
    • c
    • Dopowiedzenie poddz. wspólnego
    • (Słowniki).
    • 4
    • UKD2
    • 7644
    • x
    • Poddział wspólny
    • =111
    • c
    • Dopowiedzenie poddz. wspólnego
    • =Język angielski.
    • 4
    • UKD2
    • 7660
    • x
    • Poddział wspólny
    • =162.1
    • c
    • Dopowiedzenie poddz. wspólnego
    • =Język polski.
980 -Symbol UKD [ , ]
    • a
    • UKD
    • 556.3(038)=111=162.1
710 -Hasło dodatkowe - nazwa ciała zbiorowego [2, ]
    • 9
    • KHW
    • 52854
    • a
    • Nazwa ciała zbiorowego lub nazwa geograficzna jako pierwszy element (NP)
    • Wydawnictwo Naukowe Scholar.
920 -ISBN [ , ]
    • a
    • ISBN
    • 978-83-7383-649-5 Find
Numer inwentarzowy Status udost. Data inwentaryzacji Lokalizacja
Z.11795312014-01-24BG